Lionel Messi All Trophies - Statistics

General Stats
  • This quiz has been taken 12 times
  • The average score is 10 of 14
Answer Stats
Answer % Correct
Copa del Rey
100%
FIFA World Cup
100%
La Liga
100%
Ligue 1
100%
UEFA Champions League
91%
Copa America
82%
Supercopa de Espana
82%
UEFA Super Cup
82%
FIFA Club World Cup
73%
Finalissima
64%
Trophee des Champions
64%
Supporters' Shield
27%
Leagues Cup
18%
Eastern Conference Title
0%
No matching quizzes found
Score Distribution
Percent of People with Each Score
Percentile by Number Answered
Your Score History
You have not taken this quiz